ბათუმის შოთა რუსთაველის სახელმწიფო უნივერსიტეტის ბიბლიოთეკა

MATHCAD 2000.Математический практикум для экономистов и инженеров (ბიბ.ჩანაწერი № 35153)

000 -LEADER
fixed length control field 00895nam a2200277Ia 4500
001 - CONTROL NUMBER
control field 995
003 - CONTROL NUMBER IDENTIFIER
control field GE_BSU
008 - FIXED-LENGTH DATA ELEMENTS--GENERAL INFORMATION
fixed length control field 181216s||||||||xx |||||||||||||| ||und||
020 ## - INTERNATIONAL STANDARD BOOK NUMBER
International Standard Book Number 5279022810
040 ## - CATALOGING SOURCE
Transcribing agency GE_BSU
080 ## - UNIVERSAL DECIMAL CLASSIFICATION NUMBER
Universal Decimal Classification number 681.3(075.8)
100 ## - MAIN ENTRY--PERSONAL NAME
Personal name Плис.А.И.
245 ## - TITLE STATEMENT
Title MATHCAD 2000.Математический практикум для экономистов и инженеров
245 ## - TITLE STATEMENT
Remainder of title Учебное пособие
260 ## - PUBLICATION, DISTRIBUTION, ETC.
Place of publication, distribution, etc. Москва
260 ## - PUBLICATION, DISTRIBUTION, ETC.
Name of publisher, distributor, etc. финансы и статистика
260 ## - PUBLICATION, DISTRIBUTION, ETC.
Date of publication, distribution, etc. 2000
300 ## - PHYSICAL DESCRIPTION
Extent 655стр.
653 ## - INDEX TERM--UNCONTROLLED
Uncontrolled term MATHCAD 2000.Математический практикум для економистов и инженеров
653 ## - INDEX TERM--UNCONTROLLED
Uncontrolled term Математика
653 ## - INDEX TERM--UNCONTROLLED
Uncontrolled term Экономика
653 ## - INDEX TERM--UNCONTROLLED
Uncontrolled term ეკონომიკა
653 ## - INDEX TERM--UNCONTROLLED
Uncontrolled term მათემატიკა,
942 ## - ADDED ENTRY ELEMENTS (KOHA)
Koha item type წიგნი
ეგზემპლარები
Withdrawn status Lost status Damaged status Not for loan Date acquired Barcode Date last seen Price effective from Koha item type
        2018-12-17 793 2018-12-17 2018-12-17 წიგნი